| 000 | 00739cam a2200313ua 4500 | ||
|---|---|---|---|
| 020 | _c10.00 | ||
| 041 |
_amal _h |
||
| 082 |
_a634.44 _bKAN/MA |
||
| 100 | _aKannan, . | ||
| 245 |
_aMaavum maangayum / _cKannan. _hTextual Documents |
||
| 250 |
_a1 / _b. |
||
| 260 |
_aThiruvananthapuram : _bState Instititute of Languages , _c1973. |
||
| 300 | _a334 ; . | ||
| 365 | _a10.00 | ||
| 504 | _a | ||
| 942 | _cBK | ||
| 999 |
_c6238 _d6238 |
||